000 00712nam a2200253 a 4500
001 28480
003 BD-RjUL
005 20211209051304.0
008 140330s1936 nyu 001 0 eng d
035 _a(BD-RjUL)28561
035 _a(OCoLC)271297741
040 _aDLC
_cDLC
_dm.c
_dBD-RjUL
_beng
041 _aeng
082 0 0 _a701.17
_bSAS 1936
100 1 _aSantayana, George,
_d1863-1952.
_93042
245 1 4 _aThe sense of beauty :
_bbeing the outline of aesthetic theory /
_cGeorge Santayana.
260 _aNew York :
_bDover,
_c1936.
300 _axi, 210 p. ;
_c23 cm.
504 _aIncludes index.
650 0 _aAesthetics
_987215
942 _2ddc
_cBK
999 _c28480
_d28480